00515cam a22002171 4500001001300000003000400013005001700017008004100034010001700075035002000092040001800112042001200130050001900142100002500161245003200186260001100218300002200229500001600251500001300267999001700280sa 66006146 DLC20260227112254.0890227s1966 xx 000 0 ben  asa 66006146  a(OCoLC)23579329 aDLCcMiUdDLC apremarc00aPK1718.A22bY31 aAbdur Rashid,d1919-10aYakhana patità„ chilà„ma. c[1966] a2, 114 p.c19 cm. aIn Bengali. aA novel. c70333d70333